Provinzen der Türkei - Statistiken

Allgemein
  • Dieses Quiz wurde 13.206 mal gespielt
  • Das Durchschnittsergebnis liegt bei 45 aus 81
Antworten auf der Karte
Die Antworten werden auf der Karte rot bzw. grün angezeigt, abhängig davon wie oft sie richtig erraten wurden.
 
Antwortstatistiken
Provinz % Korrekt
Istanbul
98%
Ankara
95%
Antalya
92%
İzmir
89%
Trabzon
84%
Adana
82%
Konya
79%
Edirne
76%
Samsun
76%
Bursa
75%
Gaziantep
74%
Hatay
70%
Çanakkale
68%
Kayseri
67%
Rize
67%
Sivas
67%
Mardin
66%
Van
66%
Şanlıurfa
65%
Mersin
63%
Zonguldak
63%
Diyarbakır
62%
Erzurum
62%
Balıkesir
60%
Batman
60%
Denizli
60%
Muğla
60%
Kahramanmaraş
59%
Sinop
59%
Giresun
58%
Ordu
58%
Afyonkarahisar
57%
Kars
56%
Malatya
56%
Çorum
55%
Erzincan
55%
Yozgat
55%
Eskişehir
54%
Nevşehir
54%
Adıyaman
53%
Bolu
53%
Tekirdağ
53%
Tunceli
52%
Amasya
50%
Artvin
50%
Aydın
50%
Gümüşhane
50%
Kocaeli
50%
Sakarya
50%
Aksaray
49%
Elazığ
49%
Muş
48%
Tokat
48%
Düzce
47%
Ağrı
46%
Hakkâri
46%
Iğdır
46%
Isparta
46%
Kırşehir
46%
Bingöl
45%
Manisa
45%
Ardahan
44%
Kastamonu
44%
Kütahya
44%
Osmaniye
44%
Uşak
44%
Niğde
43%
Yalova
43%
Bayburt
41%
Kırklareli
41%
Kırıkkale
40%
Bartın
39%
Karaman
38%
Siirt
38%
Burdur
37%
Şırnak
37%
Bitlis
36%
Çankırı
35%
Kilis
34%
Bilecik
32%
Karabük
30%
Keine übereinstimmenden Quizze gefunden
Verteilung der Resultate
Anzahl Personen mit jedem Resultat
Perzentil nach korrekt beantworteten Fragen
Ihre Resultats-Entwicklung
Sie haben dieses Quiz noch nicht gespielt